[Event "African Junior Chess Championship 2022 - Open"]
[Site "Hotel Raya - Tichy - Bejaia "]
[Date "2022.11.16"]
[Round "5"]
[Board "3"]
[White "Mohamed Abderrahim, Taleb Mohamed"]
[Black "Karsten, Jan"]
[Result "0-1"]
[WhiteElo "2064"]
[BlackElo "2058"]
[PlyCount "59"]
[EventDate "2022.11.13"]
[EventRounds "9"]
[EventCountry "ALG"]

1. e4 c5 2. c3 Nf6 3. e5 Nd5 4. d4 cxd4 5. Nf3 d6 6. exd6 e6 7. Qxd4 Nc6 8. Bb5 Bd7
9. Bxc6 Bxc6 10. Na3 Qxd6 11. O-O Nf6 12. Nc4 Qxd4 13. Nxd4 Bd5 14. Ne3 Bc5 15. Rd1
O-O-O 16. Nxd5 Rxd5 17. Be3 Rhd8 18. Re1 Ng4 19. b4 Nxe3 20. fxe3 Bb6 21. Rac1 R5d7
22. Kf2 e5 23. Nb3 f5 24. c4 Bc7 25. c5 Rd3 26. b5 Kb8 27. Rc4 g5 28. g4 f4 29. Kf3
Rd1 30. Ke2  0-1

[Event "African Junior Chess Championship 2022 - Open"]
[Site "Hotel Raya - Tichy - Bejaia "]
[Date "2022.11.16"]
[Round "5"]
[Board "5"]
[White "Oluka, Robert Mcligeyo"]
[Black "Adrar, Sofiane"]
[Result "1-0"]
[WhiteElo "1786"]
[BlackElo "1654"]
[PlyCount "70"]
[EventDate "2022.11.13"]
[EventRounds "9"]
[EventCountry "ALG"]

1. d4 Nf6 2. c4 e5 3. dxe5 Ng4 4. e4 Nxe5 5. f4 Nec6 6. Nc3 Bc5 7. Na4 Bb4+ 8. Kf2
b6 9. Nf3 Bb7 10. Bd3 Na6 11. a3 Bc5+ 12. Nxc5 Nxc5 13. Bc2 a5 14. Re1 Qe7 15. Kg1
O-O 16. e5 f5 17. exf6 Qxf6 18. Be3 d6 19. Ng5 h6 20. Nh7 Qxb2 21. Nxf8 Rxf8 22.
Kh1 Qc3 23. Bxc5 dxc5 24. Qd5+ Kh8 25. Qe4 g6 26. Qxg6 Qg7 27. Qxg7+ Kxg7 28. f5
Nd4 29. Bd3 Kf6 30. Ra2 Rg8 31. Rf2 h5 32. Re3 h4 33. Kg1 c6 34. Rf4 Bc8 35. Rxh4
Bxf5  1-0

[Event "African Junior Chess Championship 2022 - Open"]
[Site "Hotel Raya - Tichy - Bejaia "]
[Date "2022.11.16"]
[Round "5"]
[Board "6"]
[White "Zane, Rayane"]
[Black "Junior, Domingos"]
[Result "1-0"]
[WhiteElo "2032"]
[BlackElo "2072"]
[PlyCount "101"]
[EventDate "2022.11.13"]
[EventRounds "9"]
[EventCountry "ALG"]

1. d4 Nf6 2. Nf3 g6 3. g3 Bg7 4. Bg2 O-O 5. O-O d6 6. c4 Nc6 7. Nc3 Nd7 8. e4 e5
9. d5 Ne7 10. Ne1 f5 11. f3 f4 12. Rb1 a5 13. a3 g5 14. b4 b6 15. Ne2 Ng6 16. Nd3
Qe7 17. Bd2 axb4 18. axb4 Ba6 19. Qc2 h5 20. Bh3 Bh6 21. Ra1 Nf6 22. Ra3 g4 23. Bg2
gxf3 24. Bxf3 Qg7 25. Kh1 fxg3 26. Nxg3 Nh4 27. b5 Bb7 28. Rxa8 Bxa8 29. Nf5 Nxf5
30. exf5 Bxd2 31. Qxd2 Kh7 32. Rg1 Qh6 33. Qxh6+ Kxh6 34. Rg6+ Kh7 35. Nf2 Ng8 36.
Rg5 Nf6 37. Bxh5 Kh6 38. h4 Bb7 39. Ng4+ Nxg4 40. Bxg4 Ra8 41. Rg6+ Kh7 42. h5 Ra4
43. f6 Rxc4 44. Be6 Rh4+ 45. Kg1 Rxh5 46. Rg7+ Kh6 47. Rxc7 Rg5+ 48. Kf2 Bxd5 49.
f7 Kg7 50. Bxd5 e4 51. Rc8  1-0

[Event "African Junior Chess Championship 2022 - Open"]
[Site "Hotel Raya - Tichy - Bejaia "]
[Date "2022.11.16"]
[Round "5"]
[Board "8"]
[White "Zouari, Mohanned"]
[Black "Babahammou, Otmane"]
[Result "1-0"]
[WhiteElo "1661"]
[BlackElo "1328"]
[PlyCount "35"]
[EventDate "2022.11.13"]
[EventRounds "9"]
[EventCountry "ALG"]

1. e4 c5 2. Nc3 d6 3. f4 Nc6 4. Nf3 e6 5. Bb5 a6 6. Bxc6+ bxc6 7. O-O Qc7 8. Qe1
Nf6 9. d3 Be7 10. e5 Nd7 11. Qg3 g6 12. exd6 Bxd6 13. Ne4 Bf8 14. Ne5 Nxe5 15. fxe5
h5 16. Bg5 Be7 17. Bxe7 Kxe7 18. Qg5+  1-0

[Event "African Junior Chess Championship 2022 - Open"]
[Site "Hotel Raya - Tichy - Bejaia "]
[Date "2022.11.16"]
[Round "6"]
[Board "1"]
[White "Karsten, Jan"]
[Black "Brahami, Lamine"]
[Result "1-0"]
[WhiteElo "2058"]
[BlackElo "2210"]
[PlyCount "93"]
[EventDate "2022.11.13"]
[EventRounds "9"]
[EventCountry "ALG"]

1. e4 c5 2. Nf3 d6 3. d4 cxd4 4. Nxd4 Nf6 5. Nc3 a6 6. Bg5 e6 7. f4 Qb6 8. Nb3 Be7
9. Qd2 Nbd7 10. O-O-O Qc7 11. Bxf6 Nxf6 12. g4 b5 13. a3 Bb7 14. Bg2 Nd7 15. g5 O-O
16. Kb1 Rab8 17. h4 Nb6 18. h5 Nc4 19. Qe1 Rfc8 20. Rh3 Bc6 21. Rg3 a5 22. f5 b4
23. axb4 a4 24. Nd2 Be8 25. Na2 d5 26. Nxc4 dxc4 27. e5 exf5 28. Bd5 Rd8 29. e6 Rxd5
30. Rxd5 fxe6 31. Re3 Bxh5 32. Rxe6 Bf8 33. Qe5 Qxe5 34. Rexe5 f4 35. Rd4 f3 36.
Re1 Be7 37. Rh4 f2 38. Rf1 Bf7 39. Rg4 Rb5 40. Rxf2 Bxg5 41. Nc3 Re5 42. Re4 Rxe4
43. Nxe4 Be7 44. b5 h5 45. Rh2 Be8 46. b6 Bc6 47. Nd6  1-0

[Event "African Junior Chess Championship 2022 - Open"]
[Site "Hotel Raya - Tichy - Bejaia "]
[Date "2022.11.16"]
[Round "6"]
[Board "2"]
[White "Hallal, Tarik"]
[Black "Oluka, Robert Mcligeyo"]
[Result "1/2-1/2"]
[WhiteElo "1890"]
[BlackElo "1786"]
[PlyCount "23"]
[EventDate "2022.11.13"]
[EventRounds "9"]
[EventCountry "ALG"]

1. e4 e5 2. Nf3 Nc6 3. Bc4 Bc5 4. O-O Nf6 5. d4 Nxd4 6. Nxe5 O-O 7. Nd3 Bb6 8. e5
Ne4 9. Be3 Ng5 10. c3 Nc6 11. Kh1 Ne6 12. f4  1/2-1/2

[Event "African Junior Chess Championship 2022 - Open"]
[Site "Hotel Raya - Tichy - Bejaia "]
[Date "2022.11.16"]
[Round "6"]
[Board "3"]
[White "Zane, Rayane"]
[Black "Nhamuave, Eleazar"]
[Result "0-1"]
[WhiteElo "2032"]
[BlackElo "1706"]
[PlyCount "59"]
[EventDate "2022.11.13"]
[EventRounds "9"]
[EventCountry "ALG"]

1. d4 Nf6 2. Nf3 c5 3. e3 e6 4. Bd3 d5 5. b3 Nc6 6. Bb2 Bd7 7. a3 Rc8 8. Nbd2 cxd4
9. exd4 Qb6 10. O-O Be7 11. Qe2 O-O 12. Rab1 Rfd8 13. c4 dxc4 14. bxc4 Qa5 15. Rfd1
Be8 16. Ne4 Nxe4 17. Qxe4 Qh5 18. d5 Na5 19. Bc3 b6 20. Bb4 Bxb4 21. axb4 exd5 22.
cxd5 Nb7 23. Rbc1 Nd6 24. Rxc8 Nxc8 25. Bb1 g6 26. g4 Qh3 27. d6 Bd7 28. Rd2 Re8
29. Qf4 Bc6 30. d7  0-1

[Event "African Junior Chess Championship 2022 - Open"]
[Site "Hotel Raya - Tichy - Bejaia "]
[Date "2022.11.16"]
[Round "6"]
[Board "4"]
[White "Emmanuel, Joy Idara"]
[Black "Mohamed Abderrahim, Taleb Mohamed"]
[Result "0-1"]
[WhiteElo "2114"]
[BlackElo "2064"]
[PlyCount "75"]
[EventDate "2022.11.13"]
[EventRounds "9"]
[EventCountry "ALG"]

1. e4 e5 2. Nf3 Nc6 3. Bb5 a6 4. Ba4 Nf6 5. O-O Be7 6. Re1 b5 7. Bb3 O-O 8. d4 Nxd4
9. Nxd4 exd4 10. e5 Ne8 11. c3 d6 12. Bd5 Rb8 13. cxd4 dxe5 14. dxe5 c5 15. Nc3 Nc7
16. Be4 Qxd1 17. Rxd1 Be6 18. Be3 Rfd8 19. f4 g6 20. Bc6 Bg4 21. Re1 h5 22. h3 Bf5
23. Rad1 Bd3 24. Rd2 b4 25. Na4 Ne6 26. Red1 Bc2 27. Rxd8+ Rxd8 28. Rxd8+ Nxd8 29.
Bd7 c4 30. Nb6 b3 31. axb3 cxb3 32. Nd5 Bh4 33. Bb6 Ne6 34. Ba4 Be1 35. g4 h4 36.
Be3 Kf8 37. f5 gxf5 38. gxf5  0-1

[Event "African Junior Chess Championship 2022 - Open"]
[Site "Hotel Raya - Tichy - Bejaia "]
[Date "2022.11.16"]
[Round "6"]
[Board "5"]
[White "Lutuima, Amaro"]
[Black "Abdellahi, Khaled Abdellahi"]
[Result "1-0"]
[WhiteElo "2049"]
[BlackElo "1629"]
[PlyCount "67"]
[EventDate "2022.11.13"]
[EventRounds "9"]
[EventCountry "ALG"]

1. e4 c5 2. Nf3 Nc6 3. d4 cxd4 4. Nxd4 g6 5. c4 Nf6 6. Nc3 d6 7. Be2 Nxd4 8. Qxd4
Bg7 9. Be3 O-O 10. Qd1 Be6 11. Rc1 Qa5 12. O-O Rfc8 13. b3 a6 14. a4 Nd7 15. Nd5
Bxd5 16. exd5 Nc5 17. Bd2 Qd8 18. b4 Ne4 19. Be1 b6 20. Qd3 Nf6 21. f4 b5 22. a5
Qd7 23. Bf2 Qb7 24. cxb5 Qxb5 25. Qxb5 axb5 26. Bxb5 Nxd5 27. Rxc8+ Rxc8 28. a6 Nxb4
29. a7 d5 30. Bc5 Ra8 31. Rb1 Bc3 32. Rb3 d4 33. Be2 Nc6 34. Bf3  1-0

[Event "African Junior Chess Championship 2022 - Open"]
[Site "Hotel Raya - Tichy - Bejaia "]
[Date "2022.11.16"]
[Round "6"]
[Board "6"]
[White "Adrar, Sofiane"]
[Black "Bidi, Abdeljalil"]
[Result "0-1"]
[WhiteElo "1654"]
[BlackElo "1777"]
[PlyCount "64"]
[EventDate "2022.11.13"]
[EventRounds "9"]
[EventCountry "ALG"]

1. e4 e5 2. Nf3 Nc6 3. Bc4 Bc5 4. d3 Nf6 5. O-O d6 6. h3 h6 7. c3 O-O 8. Re1 a6 9.
a4 Bb6 10. Ba2 Re8 11. Nbd2 Be6 12. Bxe6 Rxe6 13. Nc4 Ba7 14. a5 d5 15. exd5 Qxd5
16. Be3 e4 17. Nfd2 Bxe3 18. Nxe3 Qxd3 19. Nec4 Nd5 20. Nxe4 Qxc4 21. Ra4 Ndb4 22.
cxb4 Rxe4 23. Rxe4 Qxe4 24. b5 Nb4 25. Qb3 Qe1+ 26. Kh2 Qe5+ 27. g3 Nd5 28. bxa6
Rxa6 29. Qxb7 Rf6 30. Kg2 Qe2 31. Qa7 Qf3+ 32. Kg1 Qd1+  0-1

[Event "African Junior Chess Championship 2022 - Open"]
[Site "Hotel Raya - Tichy - Bejaia "]
[Date "2022.11.16"]
[Round "6"]
[Board "7"]
[White "Junior, Domingos"]
[Black "Babahammou, Otmane"]
[Result "1-0"]
[WhiteElo "2072"]
[BlackElo "1328"]
[PlyCount "27"]
[EventDate "2022.11.13"]
[EventRounds "9"]
[EventCountry "ALG"]

1. e4 c5 2. Nf3 d6 3. d4 cxd4 4. Nxd4 Nf6 5. Nc3 a6 6. f3 e5 7. Nb3 Be6 8. Nd5 Bxd5
9. exd5 Be7 10. c4 Nbd7 11. Be3 O-O 12. Be2 Rc8 13. Qd2 b6 14. O-O  1-0

[Event "African Junior Chess Championship 2022 - Open"]
[Site "Hotel Raya - Tichy - Bejaia "]
[Date "2022.11.17"]
[Round "7"]
[Board "1"]
[White "Nhamuave, Eleazar"]
[Black "Brahami, Lamine"]
[Result "0-1"]
[WhiteElo "1706"]
[BlackElo "2210"]
[PlyCount "99"]
[EventDate "2022.11.13"]
[EventRounds "9"]
[EventCountry "ALG"]

1. Nf3 Nf6 2. g3 g6 3. Bg2 Bg7 4. O-O O-O 5. d4 d6 6. c4 Na6 7. Nc3 c5 8. d5 Bf5
9. Nh4 Bd7 10. h3 Nc7 11. Qd3 Rb8 12. Nb5 Nxb5 13. cxb5 a6 14. bxa6 bxa6 15. Qc2
a5 16. Rb1 Qc7 17. Kh2 Bb5 18. Re1 Qb7 19. Qd1 a4 20. Bd2 Bc4 21. Bc3 Bxa2 22. Ra1
Bb3 23. Qd2 Nd7 24. Bxg7 Kxg7 25. Qg5 f6 26. Qg4 Ne5 27. Qe6 Rfe8 28. e4 Qc8 29.
Qxc8 Rexc8 30. Bf1 Bc2 31. f4 Nd3 32. Bxd3 Bxd3 33. Rxa4 Rxb2+ 34. Kg1 c4 35. e5
fxe5 36. fxe5 c3 37. Raa1 c2 38. Rac1 Rb1 39. exd6 Rxc1 40. Rxc1 exd6 41. Kf2 Re8
42. Ng2 Rb8 43. Nf4 Bf5 44. Ke2 Rb1 45. Kd2 Rxc1 46. Kxc1 Kf6 47. Ng2 Ke5 48. Ne3
Kd4 49. Nxf5+ gxf5 50. Kd2  0-1

[Event "African Junior Chess Championship 2022 - Open"]
[Site "Hotel Raya - Tichy - Bejaia "]
[Date "2022.11.17"]
[Round "7"]
[Board "2"]
[White "Hallal, Tarik"]
[Black "Karsten, Jan"]
[Result "1/2-1/2"]
[WhiteElo "1890"]
[BlackElo "2058"]
[PlyCount "36"]
[EventDate "2022.11.13"]
[EventRounds "9"]
[EventCountry "ALG"]

1. e4 c5 2. Nf3 d6 3. d4 cxd4 4. Nxd4 Nf6 5. Nc3 a6 6. Bg5 e6 7. f4 Be7 8. Qf3 Qc7
9. O-O-O Nbd7 10. Bd3 b5 11. Rhe1 Bb7 12. a3 Qb6 13. Nb3 Rc8 14. Qg3 b4 15. axb4
Qxb4 16. Kb1 Nc5 17. Bxf6 gxf6 18. Qg7 Rf8  1/2-1/2

[Event "African Junior Chess Championship 2022 - Open"]
[Site "Hotel Raya - Tichy - Bejaia "]
[Date "2022.11.17"]
[Round "7"]
[Board "3"]
[White "Mohamed Abderrahim, Taleb Mohamed"]
[Black "Bidi, Abdeljalil"]
[Result "1-0"]
[WhiteElo "2064"]
[BlackElo "1777"]
[PlyCount "65"]
[EventDate "2022.11.13"]
[EventRounds "9"]
[EventCountry "ALG"]

1. e4 e5 2. Nf3 Nc6 3. Nc3 Nf6 4. d4 exd4 5. Nxd4 Bb4 6. Nxc6 bxc6 7. Bd3 d5 8. exd5
cxd5 9. O-O O-O 10. Bg5 c6 11. Ne2 h6 12. Bh4 Bd6 13. Nd4 c5 14. Nf5 Be5 15. c3 c4
16. Bc2 Bxf5 17. Bxf5 Qb6 18. Qc2 Rab8 19. Rab1 d4 20. cxd4 Qxd4 21. Bg3 Bxg3 22.
hxg3 Rb5 23. Rfd1 Qc5 24. Bh3 g5 25. a4 Rb4 26. Bd7 Nxd7 27. Rxd7 Rfb8 28. Qc3 Qf5
29. Rbd1 Rxb2 30. Rd8+ Rxd8 31. Rxd8+ Kh7 32. Qh8+ Kg6 33. Rd6+  1-0

[Event "African Junior Chess Championship 2022 - Open"]
[Site "Hotel Raya - Tichy - Bejaia "]
[Date "2022.11.17"]
[Round "7"]
[Board "4"]
[White "Oluka, Robert Mcligeyo"]
[Black "Lutuima, Amaro"]
[Result "1-0"]
[WhiteElo "1786"]
[BlackElo "2049"]
[PlyCount "111"]
[EventDate "2022.11.13"]
[EventRounds "9"]
[EventCountry "ALG"]

1. Nf3 d5 2. d4 Bf5 3. c4 dxc4 4. Nc3 Nf6 5. e3 e6 6. Bxc4 Nbd7 7. O-O a6 8. Re1
b5 9. e4 Bg4 10. Bb3 c5 11. d5 e5 12. h3 Bh5 13. Bg5 c4 14. Bc2 h6 15. Bh4 g5 16.
Bg3 Bd6 17. Qe2 Bg6 18. Nd1 Nh5 19. Ne3 Nxg3 20. fxg3 Bc5 21. Kh2 Bxe3 22. Qxe3 O-O
23. g4 Kg7 24. b3 Rc8 25. bxc4 Rxc4 26. Bd3 Rc5 27. a4 Qc7 28. axb5 axb5 29. Rec1
Rc8 30. Rxc5 Nxc5 31. Rc1 Qd6 32. Nd2 Qb6 33. Nb3 Nd7 34. Qxb6 Nxb6 35. Rc6 Rxc6
36. dxc6 Kf8 37. Nc5 Ke7 38. Bxb5 Kd6 39. Nb7+ Kc7 40. Nc5 Kd6 41. Nd7 Nc8 42. Nf6
Ne7 43. g3 Ke6 44. Nd7 Kd6 45. Nf6 Kc5 46. Ba4 Kd4 47. c7 Bxe4 48. Nxe4 Kxe4 49.
Bd7 Kf3 50. c8=Q Nxc8 51. Bxc8 e4 52. Bb7 f6 53. Bc6 Ke3 54. Kg2 Kd3 55. Kf2 e3+
56. Ke1  1-0

[Event "African Junior Chess Championship 2022 - Open"]
[Site "Hotel Raya - Tichy - Bejaia "]
[Date "2022.11.17"]
[Round "7"]
[Board "5"]
[White "Abdellahi, Khaled Abdellahi"]
[Black "Zane, Rayane"]
[Result "1/2-1/2"]
[WhiteElo "1629"]
[BlackElo "2032"]
[PlyCount "114"]
[EventDate "2022.11.13"]
[EventRounds "9"]
[EventCountry "ALG"]

1. d4 d5 2. Bf4 c5 3. e3 Nc6 4. c3 Nf6 5. Nd2 e6 6. Ngf3 Bd6 7. Bg3 O-O 8. Bd3 Re8
9. Ne5 Bxe5 10. dxe5 Nd7 11. Nf3 c4 12. Bc2 b5 13. O-O b4 14. Ba4 Ndb8 15. cxb4 Bd7
16. a3 a5 17. bxa5 Nxa5 18. Bc2 Na6 19. Bh4 Qb8 20. Bxh7+ Kxh7 21. Ng5+ Kg8 22. Qh5
Qxe5 23. Qxf7+ Kh8 24. Qh5+ Kg8 25. Qf7+ Kh8 26. Qxd7 Qc7 27. Qxc7 Nxc7 28. Bg3 Na6
29. Rfd1 Nc5 30. Nf7+ Kg8 31. Ne5 Rab8 32. Rd2 Rb7 33. Nf3 Ne4 34. Rc2 Nxg3 35. hxg3
Reb8 36. Rb1 Nc6 37. Kf1 Rb3 38. Ke2 c3 39. Nd2 cxd2 40. Rxc6 Rxb2 41. Rxb2 Rxb2
42. Kd1 Kf7 43. g4 Ra2 44. Ra6 g5 45. g3 Ke7 46. f4 Ra1+ 47. Kxd2 Rg1 48. f5 exf5
49. gxf5 Rxg3 50. Ke2 g4 51. Kd3 Rf3 52. Kd4 Rxf5 53. Rg6 Rf6 54. Rxg4 Ra6 55. Kxd5
Rxa3 56. Re4+ Kf6 57. Re8 Rc3  1/2-1/2

[Event "African Junior Chess Championship 2022 - Open"]
[Site "Hotel Raya - Tichy - Bejaia "]
[Date "2022.11.17"]
[Round "7"]
[Board "6"]
[White "Zouari, Mohanned"]
[Black "Emmanuel, Joy Idara"]
[Result "0-1"]
[WhiteElo "1661"]
[BlackElo "2114"]
[PlyCount "42"]
[EventDate "2022.11.13"]
[EventRounds "9"]
[EventCountry "ALG"]

1. e4 c5 2. Nf3 Nc6 3. d4 g6 4. Nc3 Bg7 5. Bb5 Nxd4 6. O-O a6 7. Bc4 b5 8. Bd5 Rb8
9. e5 e6 10. Be4 d6 11. Re1 Ne7 12. Nxd4 cxd4 13. exd6 dxc3 14. bxc3 Nf5 15. g4 Qb6
16. Kg2 Nxd6 17. Be3 Qc7 18. Bd4 Bxd4 19. Qxd4 O-O 20. Bd3 Bb7+ 21. Kg1 Qc6  0-1

[Event "African Junior Chess Championship 2022 - Open"]
[Site "Hotel Raya - Tichy - Bejaia "]
[Date "2022.11.17"]
[Round "7"]
[Board "7"]
[White "Adrar, Sofiane"]
[Black "Junior, Domingos"]
[Result "0-1"]
[WhiteElo "1654"]
[BlackElo "2072"]
[PlyCount "71"]
[EventDate "2022.11.13"]
[EventRounds "9"]
[EventCountry "ALG"]

1. e4 c6 2. d4 d5 3. Nc3 dxe4 4. Nxe4 Nf6 5. Ng3 h5 6. h4 Bg4 7. Be2 Qc7 8. Nf3 Nbd7
9. Ng5 e6 10. Bxg4 hxg4 11. Ne2 Bd6 12. g3 Nb6 13. Qd3 O-O-O 14. Be3 c5 15. Qb5 c4
16. O-O-O Nfd5 17. Bd2 a6 18. Qa5 Rd7 19. Ne4 Be7 20. Nc5 Bxc5 21. dxc5 Na8 22. Nd4
Ne7 23. Qxc7+ Nxc7 24. Bf4 Rhd8 25. c3 Ng6 26. Bd6 Rh8 27. h5 Ne7 28. Be5 Rh7 29.
Rh4 Ne8 30. Rxg4 Rxh5 31. Bxg7 f5 32. c6 bxc6 33. Rh4 Rxh4 34. gxh4 Nxg7 35. Rg1
Nd5 36. Nf3  0-1

[Event "African Junior Chess Championship 2022 - Open"]
[Site "Hotel Raya - Tichy - Bejaia "]
[Date "2022.11.18"]
[Round "8"]
[Board "1"]
[White "Brahami, Lamine"]
[Black "Junior, Domingos"]
[Result "0-1"]
[WhiteElo "2210"]
[BlackElo "2072"]
[PlyCount "88"]
[EventDate "2022.11.13"]
[EventRounds "9"]
[EventCountry "ALG"]

1. d4 Nf6 2. c4 e6 3. Nf3 b6 4. a3 Be7 5. Nc3 d5 6. cxd5 exd5 7. Bf4 Bb7 8. Qa4+
c6 9. e3 O-O 10. Bd3 c5 11. dxc5 bxc5 12. O-O Nbd7 13. Rfd1 c4 14. Be2 Nc5 15. Qc2
Nb3 16. Rab1 Qa5 17. Ne5 Qc5 18. Bf3 Na5 19. Ne2 Rfd8 20. Nd4 Nc6 21. Nexc6 Bxc6
22. b4 Qb6 23. a4 Bd6 24. Bg5 Be5 25. a5 Qc7 26. b5 Be8 27. b6 axb6 28. axb6 Qb8
29. Bxf6 Bxf6 30. Qf5 Ra6 31. b7 g6 32. Qf4 Be5 33. Qg4 Bf6 34. Qh3 Ra7 35. Bxd5
Rxd5 36. Nc6 Qxb7 37. Nxa7 Rxd1+ 38. Rxd1 Qxa7 39. Qf3 Kg7 40. Qd5 Qa4 41. Rc1 c3
42. Qf3 Qa3 43. Qd1 Ba4 44. Qe2 c2  0-1

[Event "African Junior Chess Championship 2022 - Open"]
[Site "Hotel Raya - Tichy - Bejaia "]
[Date "2022.11.18"]
[Round "8"]
[Board "2"]
[White "Karsten, Jan"]
[Black "Nhamuave, Eleazar"]
[Result "1-0"]
[WhiteElo "2058"]
[BlackElo "1706"]
[PlyCount "27"]
[EventDate "2022.11.13"]
[EventRounds "9"]
[EventCountry "ALG"]

1. e4 e5 2. Nf3 Nf6 3. d4 Nxe4 4. Bd3 d5 5. Nxe5 Nd7 6. Nc3 Bb4 7. O-O Nxe5 8. dxe5
Nxc3 9. bxc3 Bxc3 10. Rb1 Qh4 11. Be3 Bg4 12. Bb5+ c6 13. Qxd5 Be6 14. Qd3  1-0

[Event "African Junior Chess Championship 2022 - Open"]
[Site "Hotel Raya - Tichy - Bejaia "]
[Date "2022.11.18"]
[Round "8"]
[Board "3"]
[White "Oluka, Robert Mcligeyo"]
[Black "Mohamed Abderrahim, Taleb Mohamed"]
[Result "0-1"]
[WhiteElo "1786"]
[BlackElo "2064"]
[PlyCount "39"]
[EventDate "2022.11.13"]
[EventRounds "9"]
[EventCountry "ALG"]

1. d4 d5 2. c4 c6 3. Nc3 Nf6 4. Nf3 e6 5. g3 Bd6 6. Bg2 O-O 7. O-O Nbd7 8. Bf4 Bxf4
9. gxf4 Qe7 10. Ne5 dxc4 11. e3 a6 12. Nxc4 b5 13. Ne5 Bb7 14. Ne4 Nxe4 15. Bxe4
Nf6 16. Bg2 Rac8 17. Rc1 Qd6 18. b4 a5 19. Qd2 axb4 20. Qxb4  0-1

[Event "African Junior Chess Championship 2022 - Open"]
[Site "Hotel Raya - Tichy - Bejaia "]
[Date "2022.11.18"]
[Round "8"]
[Board "4"]
[White "Bidi, Abdeljalil"]
[Black "Hallal, Tarik"]
[Result "1-0"]
[WhiteElo "1777"]
[BlackElo "1890"]
[PlyCount "69"]
[EventDate "2022.11.13"]
[EventRounds "9"]
[EventCountry "ALG"]

1. e4 c5 2. Nf3 d6 3. d4 cxd4 4. Nxd4 Nf6 5. Nc3 a6 6. Be2 e5 7. Nb3 Be6 8. f4 Qc7
9. g4 exf4 10. g5 Nfd7 11. Bxf4 Ne5 12. Qd2 Be7 13. Nd4 Nbc6 14. Nf5 g6 15. Nxe7
Qxe7 16. O-O-O Rd8 17. h4 O-O 18. h5 b5 19. Rh4 Nc4 20. Bxc4 Bxc4 21. Bxd6 Qb7 22.
Qh2 Rfe8 23. e5 Nxe5 24. Bxe5 Rxd1+ 25. Nxd1 Qd5 26. Bf6 gxh5 27. Rd4 Qf5 28. Qxh5
Bxa2 29. Qh6 Qg6 30. Qxg6+ fxg6 31. b3 h6 32. gxh6 Kf7 33. Bg7 Rc8 34. Kb2 Rg8 35.
Kxa2  1-0

[Event "African Junior Chess Championship 2022 - Open"]
[Site "Hotel Raya - Tichy - Bejaia "]
[Date "2022.11.18"]
[Round "8"]
[Board "5"]
[White "Emmanuel, Joy Idara"]
[Black "Lutuima, Amaro"]
[Result "1/2-1/2"]
[WhiteElo "2114"]
[BlackElo "2049"]
[PlyCount "78"]
[EventDate "2022.11.13"]
[EventRounds "9"]
[EventCountry "ALG"]

1. e4 c5 2. c3 d5 3. exd5 Qxd5 4. d4 Nc6 5. Nf3 Bg4 6. Be2 cxd4 7. cxd4 e6 8. Nc3
Bb4 9. O-O Bxc3 10. bxc3 Nge7 11. h3 Bh5 12. Qa4 O-O 13. Rb1 a6 14. c4 Qe4 15. Be3
b5 16. cxb5 axb5 17. Qxb5 Rfb8 18. Qd3 Bxf3 19. gxf3 Qxd3 20. Bxd3 Rxa2 21. Rxb8+
Nxb8 22. Rb1 Ra8 23. Be4 Nbc6 24. Rc1 Rc8 25. Rc5 f5 26. Bd3 Rd8 27. Bc4 Kf7 28.
Kg2 Nxd4 29. Rc7 Kf6 30. h4 h6 31. h5 Ndc6 32. Bc5 Rc8 33. Rd7 g6 34. Rd6 Nd8 35.
Bb6 Rc6 36. Rxd8 Rxb6 37. Rh8 Rc6 38. Bb3 gxh5 39. Rxh6+ Kg5  1/2-1/2

[Event "African Junior Chess Championship 2022 - Open"]
[Site "Hotel Raya - Tichy - Bejaia "]
[Date "2022.11.18"]
[Round "8"]
[Board "6"]
[White "Zouari, Mohanned"]
[Black "Abdellahi, Khaled Abdellahi"]
[Result "1-0"]
[WhiteElo "1661"]
[BlackElo "1629"]
[PlyCount "52"]
[EventDate "2022.11.13"]
[EventRounds "9"]
[EventCountry "ALG"]

1. e4 c5 2. Nc3 Nc6 3. f4 g6 4. Nf3 Bg7 5. d3 d6 6. g3 Nf6 7. Bg2 O-O 8. O-O Rb8
9. a4 a6 10. h3 b5 11. axb5 axb5 12. g4 b4 13. Ne2 Qb6 14. Be3 Ba6 15. Ng3 Nd7 16.
Rb1 Qb7 17. b3 Na7 18. f5 Nb5 19. Qd2 Nc3 20. Ra1 Bb5 21. Bh6 d5 22. Nh5 Bxh6 23.
Qxh6 gxh5 24. Ng5 Nf6 25. e5 Qc7 26. exf6 Ne2+  1-0

[Event "African Junior Chess Championship 2022 - Open"]
[Site "Hotel Raya - Tichy - Bejaia "]
[Date "2022.11.18"]
[Round "8"]
[Board "8"]
[White "Babahammou, Otmane"]
[Black "Adrar, Sofiane"]
[Result "1/2-1/2"]
[WhiteElo "1328"]
[BlackElo "1654"]
[PlyCount "83"]
[EventDate "2022.11.13"]
[EventRounds "9"]
[EventCountry "ALG"]

1. d4 Nf6 2. c4 d5 3. Nf3 e6 4. g3 c5 5. cxd5 Nxd5 6. Bg2 Be7 7. O-O cxd4 8. Nxd4
Bd7 9. Bxd5 exd5 10. Qb3 Qc7 11. Qxd5 Nc6 12. Nc3 O-O 13. Be3 Rfd8 14. Rfd1 Nxd4
15. Qxd4 Bc6 16. Qf4 Qc8 17. Rxd8+ Bxd8 18. Rd1 h6 19. Bd4 Qh3 20. f3 Bg5 21. Qg4
Qxg4 22. fxg4 a6 23. Kf2 Re8 24. Rd3 Re6 25. Be3 Be7 26. Ke1 Rg6 27. h3 Bg2 28. Nd5
Bd6 29. Bf4 Bc5 30. Bd2 Be4 31. Rc3 Bxd5 32. Rxc5 Bxa2 33. Rc8+ Kh7 34. Rd8 Re6 35.
Rd4 b5 36. b4 Bc4 37. e3 g5 38. Kf2 Rf6+ 39. Kg2 Bf1+ 40. Kh2 Rf2+ 41. Kg1 Rf3 42.
Kh2  1/2-1/2

[Event "African Junior Chess Championship 2022 - Open"]
[Site "Hotel Raya - Tichy - Bejaia "]
[Date "2022.11.19"]
[Round "9"]
[Board "1"]
[White "Junior, Domingos"]
[Black "Karsten, Jan"]
[Result "1/2-1/2"]
[WhiteElo "2072"]
[BlackElo "2058"]
[PlyCount "47"]
[EventDate "2022.11.13"]
[EventRounds "9"]
[EventCountry "ALG"]

1. e4 c5 2. Nf3 d6 3. d4 cxd4 4. Nxd4 Nf6 5. Nc3 a6 6. Bg5 e6 7. f4 Be7 8. Qf3 Qc7
9. O-O-O Nbd7 10. Bd3 b5 11. Rhe1 Bb7 12. Nd5 exd5 13. exd5 Kf8 14. Nf5 Bd8 15. Qg3
Rg8 16. Nxg7 Rxg7 17. Bh6 Nh5 18. Qe3 Bf6 19. g4 Qa5 20. g5 Bxb2+ 21. Kxb2 Qb4+ 22.
Ka1 Qc3+ 23. Kb1 Qb4+ 24. Ka1  1/2-1/2

[Event "African Junior Chess Championship 2022 - Open"]
[Site "Hotel Raya - Tichy - Bejaia "]
[Date "2022.11.19"]
[Round "9"]
[Board "2"]
[White "Lutuima, Amaro"]
[Black "Brahami, Lamine"]
[Result "1-0"]
[WhiteElo "2049"]
[BlackElo "2210"]
[PlyCount "77"]
[EventDate "2022.11.13"]
[EventRounds "9"]
[EventCountry "ALG"]

1. e4 c5 2. Nf3 d6 3. d4 cxd4 4. Nxd4 Nf6 5. Nc3 a6 6. Be3 e5 7. Nb3 Be6 8. Be2 Be7
9. O-O O-O 10. f4 exf4 11. Rxf4 Nc6 12. Nd5 Bxd5 13. exd5 Ne5 14. c4 Nfd7 15. Rf1
Rc8 16. Rc1 Bg5 17. Bxg5 Qxg5 18. Qd2 Qe7 19. Nd4 g6 20. Rce1 Rfe8 21. b3 Nc5 22.
Qh6 Qf8 23. Qf4 Qg7 24. h4 h5 25. Kh2 Re7 26. Rd1 Rce8 27. b4 Ne4 28. Ne6 Rxe6 29.
dxe6 Rxe6 30. Bf3 f5 31. c5 Ng4+ 32. Bxg4 hxg4 33. cxd6 g3+ 34. Kg1 Qd7 35. h5 Rf6
36. Rd4 a5 37. Qe5 Rf7 38. Rxe4 fxe4 39. Qd5  1-0